Vplyv využívania štrukturálnych fondov na ekonomický rozvoj okresu Bardejov bakalárska práca

Uložené v:
Podrobná bibliografia
Hlavný autor: Kapcová, Marianna
Korporativný autor: Podnikovohospodárska fakulta EU so sídlom v Košiciach. Katedra ekonómie
Ďalší autori: Spišáková, Emília, 1983-
Médium: Kniha
Jazyk:Slovak
Vydavateľské údaje: Košice 2013
Tagy: Pridať tag
Žiadne tagy, Buďte prvý, kto otaguje tento záznam!

MARC

LEADER 00000nbm a2200000 4500
001 0172207
005 20240827093208.9
041 0 |a slo 
044 |a SK 
245 1 0 |a Vplyv využívania štrukturálnych fondov na ekonomický rozvoj okresu Bardejov  |b bakalárska práca  |c Marianna Kapcová ; školiteľ: Emília Spišáková 
264 1 |a Košice  |c 2013 
300 |a 61 s. 
100 1 |a Kapcová, Marianna 
700 1 |a Spišáková, Emília, 1983- 
710 2 |a Podnikovohospodárska fakulta EU so sídlom v Košiciach. Katedra ekonómie